| 000 -ლიდერი |
| ფიქსირებული სიგრძის საკონტროლო ველი |
00888nam a2200241Ia 4500 |
| 001 - საკონტროლო ნომერი |
| საკონტროლო ველი |
4274 |
| 003 - საკონტროლო ნომრის იდენტიფიკატორი |
| საკონტროლო ველი |
GE_BSU |
| 005 - ბოლო ოპერაციის თარიღი და დრო |
| საკონტროლო ველი |
20191008121919.0 |
| 008 - ფიქსირებული სიგრძის მონაცემთა ელემენტები - ზოგადი ინფორმაცია |
| ფიქსირებული სიგრძის საკონტროლო ველი |
181216s1970||||ge |||||||||||||| ||ge || |
| 040 ## - კატალოგიზაციის წყარო |
| Transcribing agency |
GE_BSU |
| 041 ## - ენის კოდი |
| Language code of text/sound track or separate title |
geo |
| 080 ## - უნივერსალური ათობითი კლასიფიკაციის ინდექსი |
| Universal Decimal Classification number |
392.3(=353.1) ი–40 |
| 100 ## - მთავარი ჩანაწერი - პიროვნების სახელი |
| Personal name |
ითონიშვილი, ვალერიან |
| 9 (RLIN) |
4614 |
| 245 ## - ცნობა სათაურის შესახებ |
| Title |
მოხევეების საოჯახო ყოფა. |
| Statement of responsibility, etc |
რედ. ბ.ბექაური. |
| 260 ## - გამოქვეყნების, გავრცელების, და სხვა. ცნობები |
| Place of publication, distribution, etc |
თბილისი |
| 260 ## - გამოქვეყნების, გავრცელების, და სხვა. ცნობები |
| Name of publisher, distributor, etc |
საბჭ. საქართველო |
| 260 ## - გამოქვეყნების, გავრცელების, და სხვა. ცნობები |
| Date of publication, distribution, etc |
1970 |
| 300 ## - ფიზიკური აღწერა |
| Extent |
123 გვ. ; |
| Other physical details |
21 სმ. |
| 653 ## - INDEX TERM--UNCONTROLLED |
| Uncontrolled term |
მოხევეების საოჯახო ყოფა |
| 653 ## - INDEX TERM--UNCONTROLLED |
| Uncontrolled term |
ქართველების საოჯახო ყოფა |
| 700 ## - ADDED ENTRY--PERSONAL NAME |
| Personal name |
ბექაური, ბ. |
| Relator term |
რედაქტორი |
| 9 (RLIN) |
4615 |
| 942 ## - ADDED ENTRY ELEMENTS (KOHA) |
| Koha item type |
წიგნი |
| Source of classification or shelving scheme |
|